Učet v seľskich sovetach

Salvato in:
Dettagli Bibliografici
Natura: Libro
Lingua:russo
Pubblicazione: Moskva Gosfinizdat 1949
Tags: Aggiungi Tag
Nessun Tag, puoi essere il primo ad aggiungerne!!

MARC

LEADER 00000nam a2200000 4500
001 0315266
005 20260305092340.1
041 0 |a rus 
044 |a RU 
245 1 0 |a Učet v seľskich sovetach  |c G. G. Žujkov 
264 1 |a Moskva  |b Gosfinizdat  |c 1949